000 00555nam a22001697a 4500
005 20251108165256.0
008 250721s1990 xx 000 0 ara d
082 1 4 _a574.33/صال
100 1 _aكريم، صالح بن عبد العزيز
245 1 0 _aالمدخل إلى علم الأجنة الوصفي و التجريبي /
264 1 _aجده :
_bدار المجتمع للنشر و التوزيع،
_c1990.
300 _a346ص : مص
650 1 7 _aعلم الأجنة
650 1 7 _aعلم الأحياء
942 _2ddc
_cBK
999 _c23854
_d23854